Podnikové finance v teorii a praxi

Salvato in:
Dettagli Bibliografici
Autore principale: Hrdý, Milan
Altri autori: Krechovská, Michaela
Natura: Libro
Lingua:ceco
Pubblicazione: Praha Wolters Kluwer 2013
Edizione:1. vyd.
Soggetti:
Tags: Aggiungi Tag
Nessun Tag, puoi essere il primo ad aggiungerne!!

MARC

LEADER 00000nam a2200000 4500
001 0191967
005 20220905110239.1
020 |a 978-80-7478-011-0 
041 0 |a cze 
044 |a CZ 
245 1 0 |a Podnikové finance v teorii a praxi  |c Milan Hrdý, Michaela Krechovská 
250 |a 1. vyd. 
264 1 |a Praha  |b Wolters Kluwer  |c 2013 
300 |a 267 s. 
610 2 0 |a financie podnikové 
610 2 0 |a podnikanie 
610 2 0 |a formy podnikov 
610 2 0 |a štruktúra podniku organizačná 
610 2 0 |a zdroje podnikové 
610 2 0 |a zdroje finančné 
610 2 0 |a investície 
610 2 0 |a rozhodovanie investičné 
610 2 0 |a rozhodovanie podnikové 
610 2 0 |a plánovanie finančné 
610 2 0 |a analýza finančná 
610 2 0 |a zrušenie podniku 
610 2 0 |a trh finančný 
100 1 |a Hrdý, Milan 
700 1 |a Krechovská, Michaela